Регионална библиотека "Любен Каравелов" - Русе

Архипелази на духа (Запис номер 10456)

MARC детайли
000 -Лидер
Контролно поле с фиксирана дължина 01070nam a2200289 c 4500
003 - Код на организацията, давaща контролен номер
Контролно поле BLK
005 - Дата и час на последна редакция
Контролно поле 20210927104436.0
008 - Елементи от данни с фиксирана дължина
fixed length control field 180412b bul|||||r ||||||| ||bul||
010 ## - Наследен системен номер
LC control number KNG00011942000
020 ## - Международен стандартен номер на книга ISBN
Международен стандартен номер на книга ISBN 954-07-0792-7
-- издат.: Унив. изд. Св. Климент Охридски
040 ## - Източник на каталожния запис
Идентификатор на билиотеката - собственик на записа BLK
041 ## - Код за език
Код за езика на текст/звукозапис или на отделно заглавие Български
Код за езика КДБФ Български
080 ## - УДК
Текстов определител УДК Българска литература
УДК код - определител по УДК 821.163.2
УДК определител -4
УДК - код + определител 821.163.2-4
100 1# - Редна дума - Автор
Автор Томов, Александър Александров
Авторска отговорност първи автор
R(LIN) 255561
139 ## - Редно поле
Редна дума Томов, Александър Александров
Авторски знак Томо - Т 70
245 10 - Сведения за заглавието
Заглавие Архипелази на духа
Подзаглавни данни Есета
Редно поле (дума) Александър Александров Томов.
257 ## - Страна на издаване
Страна на създаване/издаване България
260 ## - Област на издателските данни
-- София
Име на издателя, разпространителя и проч. Унив. изд. Св. Климент Охридски
Година на издаване 1995
300 ## - Физическа характеристика
Страници 123 с.
Размери/Мащаб 20 см
380 ## - Жанр
Жанр Худож. лит.
500 ## - Общи забележки
Забележка 1 100 тир.
852 ## - Местоположение
Форматна сигнатура Цб 188378
856 4# - Електронен адрес и достъп
Електронен формат pdf - файл
Път до файла /url/
856 4# - Електронен адрес и достъп
Електронен формат pdf - файл
Път до файла /url/
942 ## - АРТИКУЛИ
Вид на библиотечния материал Книги
Скрит в OPAC Не
Koha issues (borrowed), all copies 1
944 ## - СЪЗДАВАНЕ И РЕДАКЦИЯ на ЗАПИСА
Създаване/Редакция Създаване
Дата на регистрацията/редакция 15.01.2003
Служител, извършил регистрацията/редакцията AB_DOS
944 ## - СЪЗДАВАНЕ И РЕДАКЦИЯ на ЗАПИСА
Създаване/Редакция Редакция
Дата на регистрацията/редакция 20.09.2017
Служител, извършил регистрацията/редакцията Милена_Ачева
999 ## - СИСТЕМНИ КОНТРОЛНИ НОМЕРА
Koha biblionumber 10456
Koha biblioitemnumber 10456
Наличности
Код за отписване Код за изгубен артикул Източник на класификационната схема Код за повреда Коз за рестрикции Код за отдаване Артикулен № Име на библиотеката - собственик Име на библиотеката, в която се намира в момента Статус (Текущо местоположение) Дата на вписване в системата Местоположение - отдел Цена в лева Инвентарен номер Систематично азбучна сигнатура Баркод Номер на екземпляра Цена в евро Служебна бележка Служебен тип на артикула Бележка за публиката
  Не е изгубен Universal Decimal Classification Не е повреден без рестрикции ползва се в читалня 18138 Регионална библиотека "Любен Каравелов" Русе Регионална библиотека "Любен Каравелов" Русе Хранилище 1995-01-01 Хранилище 0.95 621635 Цб 188378 120000621635 1 0.49 Вид: Сф Дата: 01.01.1995 Книги  
Изтеглен Не е изгубен   Не е повреден без рестрикции заемане за дома 18139 Регионална библиотека "Любен Каравелов" Русе Регионална библиотека "Любен Каравелов" Русе Заемна - подръчен фонд 1995-01-01 Заемна - подръчен фонд 4.00 657045 П 886.7-4/Т 70 657045 2 2.05 Вид: Сф Дата: 01.01.1995 Дата инв: 19.02.2018 Бележки инв: П2018 Книги  
  Не е изгубен Universal Decimal Classification Не е повреден без рестрикции заемане за дома 18140 Регионална библиотека "Любен Каравелов" Русе Регионална библиотека "Любен Каравелов" Русе Заемна - подръчен фонд 1995-01-01 Заемна - подръчен фонд 4.00 657047 П 886.7-4/Т 70 120000657047 3 2.05 Вид: Сф Дата: 01.01.1995 Дата инв: 12.02.2018 Бележки инв: П2018 Книги  
  Не е изгубен Universal Decimal Classification Не е повреден без рестрикции заемане за дома 18141 Регионална библиотека "Любен Каравелов" Русе Регионална библиотека "Любен Каравелов" Русе Заемна - подръчен фонд 1995-01-01 Заемна - подръчен фонд 4.00 657048 П 886.7-4/Т 70 120000657048 4 2.05 Вид: Сф Дата: 01.01.1995 Дата инв: 12.02.2018 Бележки инв: П2018 Книги  
Изтеглен Не е изгубен   Не е повреден без рестрикции заемане за дома 18142 Регионална библиотека "Любен Каравелов" Русе Регионална библиотека "Любен Каравелов" Русе   1995-01-01 Детски отдел 4.00 657049 ДХ 886.7/Т 70 657049 5 2.05 Вид: Сф Дата: 01.01.1995 Дата инв: 29.09.2015 Бележки инв: Д2015 Книги Отч.N: 30/2017 , Дата: 01.09.2017
Vip Innovations Ltd, Rousse, Bulgaria 2025